| 000 | 01432nam a2200457 i 4500 | ||
|---|---|---|---|
| 001 | 3724 | ||
| 003 | KOSZ 005 | ||
| 005 | 20190723112814.0 | ||
| 008 | 971113s1988 pl a f |000 0 pol | ||
| 015 | _aPB 1988/5401 | ||
| 020 | _a8320806666 | ||
| 035 | _a991003125269705066 | ||
| 035 | _a(PL-WaBN)b10842548-48omnis_nlop | ||
| 035 | _ab10842548 | ||
| 035 | _a(OCoLC)834945747 | ||
| 035 | _a(PL)b0000001084254 | ||
| 035 | _a(EXLNZ-48OMNIS_NETWORK)9910080340205606 | ||
| 040 |
_aWA N _cWA N _dKOSZ 005/EG |
||
| 041 | _apol | ||
| 046 | _k1988 | ||
| 080 | _a005.1 | ||
| 100 | 1 |
_aSikorski, Czesław _d(1943- ) _eAutor |
|
| 245 | 1 | 0 |
_aProjektowanie i rozwój organizacji instytucji / _cCzesław Sikorski. |
| 260 |
_aWarszawa : _bPańst. Wydaw. Naukowe, _c1988. |
||
| 300 |
_a298, [2] s. : _brys., wykr. ; _c21 cm. |
||
| 336 |
_2rdacontent _aTekst _btxt |
||
| 337 |
_2rdamedia _aBez urzadzenia pośredniczącego _bn |
||
| 338 |
_2rdacarrier _aWolumin _bnc |
||
| 380 | _aKsiążki | ||
| 380 | _aPublikacje fachowe | ||
| 388 | _a1901-2000 | ||
| 388 | _a1945-1989 | ||
| 504 | _aBibliogr. przy rozdz. | ||
| 650 | 7 |
_aPrzedsiębiorstwo _2DBN |
|
| 650 | 7 | _aOrganizacja | |
| 650 | 7 | _aZarządzanie | |
| 658 | _aGospodarka, ekonomia, finanse | ||
| 856 |
_uh ttp://koha.tu.koszalin.pl/cgi-bin/koha/opac-detail.pl?biblionumber=3724 _yKatalog online BPK |
||
| 942 |
_2UKD _cKS |
||
| 999 |
_c3724 _d3724 |
||